Navarasa samanjasyam mahakavyam. (Record no. 86762)

MARC details
000 -LEADER
fixed length control field 00688nam a2200229Ia 4500
003 - CONTROL NUMBER IDENTIFIER
control field OSt
005 - DATE AND TIME OF LATEST TRANSACTION
control field 20260416113706.0
008 - FIXED-LENGTH DATA ELEMENTS--GENERAL INFORMATION
fixed length control field 210210b1981 xxu||||| |||| 00| 0 eng d
040 ## - CATALOGING SOURCE
Transcribing agency AL
041 ## - LANGUAGE CODE
Language code of text/sound track or separate title Sanskrit
082 ## - DEWEY DECIMAL CLASSIFICATION NUMBER
Classification number S891.9 KAPN
100 ## - MAIN ENTRY--PERSONAL NAME
Personal name KAPUR (Rupalal).
Dates associated with a name कपूर (रूपलाल)
9 (RLIN) 261816
245 ## - TITLE STATEMENT
Title Navarasa samanjasyam mahakavyam.
Remainder of title नवरससामञ्जस्यं महाकाव्यम्
260 ## - PUBLICATION, DISTRIBUTION, ETC.
Place of publication, distribution, etc. Madras
Name of publisher, distributor, etc. Bharatiya Nikunjam
Date of publication, distribution, etc. 1981
300 ## - PHYSICAL DESCRIPTION
Extent 296
650 ## - SUBJECT ADDED ENTRY--TOPICAL TERM
Topical term or geographic name entry element samanjasyam
9 (RLIN) 261817
650 ## - SUBJECT ADDED ENTRY--TOPICAL TERM
Topical term or geographic name entry element Navarasa
9 (RLIN) 261818
650 ## - SUBJECT ADDED ENTRY--TOPICAL TERM
Topical term or geographic name entry element mahakavyam.
9 (RLIN) 261819
690 ## - LOCAL SUBJECT ADDED ENTRY--TOPICAL TERM (OCLC, RLIN)
Topical term or geographic name as entry element Sanskrit Criticism
9 (RLIN) 261820
906 ## - LOCAL DATA ELEMENT F, LDF (RLIN)
a 035984
942 ## - ADDED ENTRY ELEMENTS (KOHA)
Source of classification or shelving scheme Dewey Decimal Classification
Koha item type Book
Holdings
Withdrawn status Lost status Source of classification or shelving scheme Damaged status Not for loan Collection code Home library Current library Shelving location Date acquired Cost, normal purchase price Total Checkouts Full call number Barcode Date last seen Price effective from Koha item type
    Dewey Decimal Classification     Sanskrit St Aloysius Library St Aloysius Library   02/17/2021 0.00   S891.9 KAPN 035984 02/17/2021 02/17/2021 Book